CASE PROBLEMS IN MANAGEMENT (Record no. 4388)

MARC details
000 -LEADER
fixed length control field 00351nam a22001457a 4500
008 - FIXED-LENGTH DATA ELEMENTS--GENERAL INFORMATION
fixed length control field 250729b |||||||| |||| 00| 0 eng d
020 ## - INTERNATIONAL STANDARD BOOK NUMBER
ISBN 031493507x
100 ## - MAIN ENTRY--AUTHOR
Author SCHULER S. RANDALL
245 ## - TITLE STATEMENT
Title CASE PROBLEMS IN MANAGEMENT
250 ## - EDITION STATEMENT
Edition statement 3rd
260 ## - PUBLICATION, DISTRIBUTION, ETC. (IMPRINT)
Place of publication UNITED STATES
Name of publisher WEST KELLOGG
Date of publication 1979
300 ## - COLLATION
Pagination 337p.
942 ## - ADDED ENTRY ELEMENTS (KOHA)
Item type Books
050 ## - LIBRARY OF CONGRESS CALL NUMBER
Classification number HD 31
Item number .S34
Holdings
Source of classification or shelving scheme Not for loan Permanent location Current location Date acquired Accession No. Full call number Barcode. Koha item type
Library of Congress Classification   Samuel Ogbemudia Main Library, University of Abuja Samuel Ogbemudia Main Library, University of Abuja 07/29/2025 2006/29391 HD 31.S34 2025-3166 Books